REAL AND COMPLEX ANALYSIS (Record no. 216439)

MARC details
000 -LEADER
fixed length control field 00432nam a22001697a 4500
008 - FIXED-LENGTH DATA ELEMENTS--GENERAL INFORMATION
fixed length control field 260109b |||||||| |||| 00| 0 eng d
022 ## - INTERNATIONAL STANDARD SERIAL NUMBER
International Standard Serial Number 978-93-5532-611-9
100 ## - MAIN ENTRY--PERSONAL NAME
Personal name RUDIN, WALTER
245 ## - TITLE STATEMENT
Title REAL AND COMPLEX ANALYSIS
250 ## - EDITION STATEMENT
Edition statement 3RD ED
260 ## - PUBLICATION, DISTRIBUTION, ETC.
Place of publication, distribution, etc. NEW YORK
Name of publisher, distributor, etc. MCGRAW HILL
Date of publication, distribution, etc. 1987
300 ## - PHYSICAL DESCRIPTION
Extent XIV, 416P.
500 ## - GENERAL NOTE
General note INCLUDES INDEX
650 ## - SUBJECT ADDED ENTRY
Topical term or geographic name entry element MATHEMATICAL ANALYSIS
942 ## - ADDED ENTRY ELEMENTS (KOHA)
Source of classification or shelving scheme Library of Congress Classification
Koha item type Long Loan Book
Holdings
Withdrawn status Lost status Source of classification or shelving scheme Damaged status Not for loan Collection Home library Current library Shelving location Date acquired Inventory number Total checkouts Full call number Barcode Date last seen Copy number Price effective from Koha item type
    Library of Congress Classification     Science & Technology Kisii University Library Kisii University Library On Display 01/09/2026 110848   QA 300 .R83 1987 000000024764 01/09/2026 C.1 01/09/2026 Long Loan Book
    Library of Congress Classification     Science & Technology Kisii University Library Kisii University Library On Display 01/09/2026 110849   QA 300 .R83 1987 000000024763 01/09/2026 C.2 01/09/2026 Long Loan Book
    Library of Congress Classification     Science & Technology Kisii University Library Kisii University Library On Display 01/09/2026 110850   QA 300 .R83 1987 000000024762 01/09/2026 C.3 01/09/2026 Long Loan Book
    Library of Congress Classification     Science & Technology Kisii University Library Kisii University Library On Display 01/09/2026 110851   QA 300 .R83 1987   01/09/2026 C.4 01/09/2026 Long Loan Book